| 000 | 00496nam a22001577a 4500 | ||
|---|---|---|---|
| 999 |
_c9389 _d9389 |
||
| 008 | 210409b ||||| |||| 00| 0 eng d | ||
| 040 | _aBMS College of Architecture | ||
| 100 | _aRamannavar, M Shweta | ||
| 245 | _aSub- Urbanization need for sustainable housing | ||
| 300 | _a95p. | ||
| 500 | _a1BM12AHD06 | ||
| 502 |
_8M.Arch _NBMS College of Architecture, Visvesvaraya Technological University _aDissertation _d2014 |
||
| 650 | _aHouse | ||
| 700 |
_aBhaghyalaxmi M _eGuide |
||
| 942 |
_2ddc _cPGTHE |
||